[Event "Trofeo abierto Universidad de Jaen 2025"]
[Site "Maestra, 16 (Palacio de Cultura)"]
[Date "2025.04.05"]
[Round "6.6"]
[White "Diaz Molina, Lucia"]
[Black "Rusillo Ramirez, Bernabe"]
[Result "0-1"]
[TimeControl "10' + 5\""]
[BlackFideId "94740003"]
[WhiteElo "1842"]
[BlackElo "1685"]

1. e4 {[%clk 00:10:08]} e6 {[%clk 00:10:09]} {[%emt 00:00:03]} 2. Nf3 {[%clk
00:10:10]} {[%emt 00:00:02]} d5 {[%clk 00:10:13]} {[%emt 00:00:02]} 3. e5
{[%clk 00:10:13]} {[%emt 00:00:03]} c5 {[%clk 00:10:16]} 4. c3 {[%clk
00:10:16]} {[%emt 00:00:02]} Nc6 {[%clk 00:10:20]} {[%emt 00:00:02]} 5. d4
{[%clk 00:10:18]} {[%emt 00:00:03]} Qb6 {[%clk 00:10:23]} 6. Be3 {[%clk
00:10:21]} {[%emt 00:00:02]} Qxb2 {[%clk 00:10:18]} {[%emt 00:00:10]} 7. Nbd2
{[%clk 00:10:09]} {[%emt 00:00:17]} Qxc3 {[%clk 00:10:12]} {[%emt 00:00:10]} 8.
Bb5 {[%clk 00:10:09]} {[%emt 00:00:06]} Bd7 {[%clk 00:10:08]} {[%emt 00:00:09]}
9. O-O {[%clk 00:10:11]} {[%emt 00:00:03]} a6 {[%clk 00:09:54]} {[%emt
00:00:19]} 10. Rc1 {[%clk 00:09:54]} {[%emt 00:00:21]} Qa5 {[%clk 00:09:42]}
{[%emt 00:00:16]} 11. Ba4 {[%clk 00:09:45]} {[%emt 00:00:14]} b5 {[%clk
00:09:19]} {[%emt 00:00:29]} 12. Bc2 {[%clk 00:09:28]} {[%emt 00:00:24]} cxd4
{[%clk 00:08:47]} {[%emt 00:00:36]} 13. Nb3 {[%clk 00:09:20]} {[%emt 00:00:12]}
Qd8 {[%clk 00:07:03]} {[%emt 00:01:49]} 14. Nbxd4 {[%clk 00:09:20]} {[%emt
00:00:05]} Ba3 {[%clk 00:06:33]} {[%emt 00:00:34]} 15. Nxc6 {[%clk 00:08:54]}
{[%emt 00:00:33]} Bxc6 {[%clk 00:06:35]} {[%emt 00:00:02]} 16. Rb1 {[%clk
00:08:57]} {[%emt 00:00:02]} Ne7 {[%clk 00:05:26]} {[%emt 00:01:14]} 17. Qd3
{[%emt 00:00:23]} Qa5 {[%clk 00:04:38]} {[%emt 00:00:32]} 18. Ng5 {[%emt
00:01:32]} Nf5 {[%clk 00:04:10]} {[%emt 00:00:06]} 19. Bd2 {[%clk 00:07:21]}
{[%emt 00:00:43]} b4 {[%clk 00:04:15]} {[%emt 00:00:03]} 20. Bb3 {[%clk
00:05:44]} {[%emt 00:01:41]} Bb5 {[%clk 00:03:44]} {[%emt 00:00:35]} 21. Qf3
{[%clk 00:05:33]} {[%emt 00:00:15]} Bxf1 {[%clk 00:03:40]} {[%emt 00:00:11]} 22.
Rxf1 {[%clk 00:05:27]} {[%emt 00:00:10]} Qc7 {[%clk 00:02:24]} {[%emt
00:01:21]} 23. Ba4+ {[%clk 00:05:07]} {[%emt 00:00:26]} Ke7 {[%clk 00:01:31]}
{[%emt 00:00:58]} 24. g4 {[%clk 00:05:07]} {[%emt 00:00:04]} Nh6 {[%clk
00:01:06]} {[%emt 00:00:31]} 25. Re1 {[%clk 00:04:14]} {[%emt 00:00:59]} Qc4
{[%clk 00:00:43]} {[%emt 00:00:27]} 26. Bb3 {[%clk 00:03:36]} {[%emt 00:00:43]}
Qxg4+ {[%clk 00:00:43]} {[%emt 00:00:05]} 27. Qxg4 {[%clk 00:03:38]} {[%emt
00:00:03]} Nxg4 {[%emt 00:00:05]} 28. f3 {[%clk 00:03:34]} {[%emt 00:00:07]}
Nh6 {[%clk 00:00:49]} {[%emt 00:00:02]} 29. h4 {[%clk 00:03:33]} {[%emt
00:00:06]} Nf5 {[%clk 00:00:52]} {[%emt 00:00:02]} 30. f4 {[%clk 00:03:20]}
{[%emt 00:00:18]} Nxh4 {[%clk 00:00:54]} {[%emt 00:00:04]} 31. Kf2 {[%clk
00:02:42]} {[%emt 00:00:42]} Nf5 {[%clk 00:00:55]} {[%emt 00:00:05]} 32. Ba4
{[%clk 00:02:10]} {[%emt 00:00:36]} a5 {[%clk 00:00:48]} {[%emt 00:00:12]} 33.
Kf3 {[%clk 00:02:11]} {[%emt 00:00:03]} h6 {[%clk 00:00:50]} {[%emt 00:00:04]}
34. Nh3 {[%clk 00:02:11]} {[%emt 00:00:05]} Nd4+ {[%clk 00:00:53]} {[%emt
00:00:02]} 35. Kg3 {[%clk 00:01:57]} {[%emt 00:01:27]} Nf5+ {[%clk 00:02:50]}
{[%emt 00:00:06]} 36. Kf3 {[%clk 00:01:58]} {[%emt 00:00:03]} Rac8 {[%clk
00:02:54]} {[%emt 00:00:01]} 37. Nf2 {[%clk 00:01:50]} {[%emt 00:00:13]} Bb2
{[%clk 00:02:44]} {[%emt 00:00:13]} 38. Nd3 {[%clk 00:01:51]} {[%emt 00:00:07]}
Bc3 {[%emt 00:00:23]} 39. Rd1 {[%clk 00:01:20]} {[%emt 00:00:17]} Bxd2 {[%clk
00:02:38]} {[%emt 00:00:12]} 40. Rxd2 {[%clk 00:01:23]} {[%emt 00:00:02]} h5
{[%emt 00:00:20]} 41. Rh2 {[%clk 00:01:14]} {[%emt 00:00:01]} Rc3 {[%clk
00:02:31]} {[%emt 00:00:08]} 42. Ke2 {[%emt 00:00:08]} Ra3 {[%clk 00:02:24]}
{[%emt 00:00:09]} 43. Bb3 {[%clk 00:01:17]} {[%emt 00:00:03]} a4 {[%clk
00:02:26]} {[%emt 00:00:03]} 44. Bc2 {[%clk 00:01:18]} {[%emt 00:00:04]} Rxa2
{[%clk 00:02:26]} {[%emt 00:00:05]} 45. Nxb4 {[%clk 00:01:21]} {[%emt
00:00:02]} Rb2 {[%clk 00:02:29]} {[%emt 00:00:01]} 46. Nc6+ {[%clk 00:01:21]}
{[%emt 00:00:05]} Kd7 {[%clk 00:02:31]} {[%emt 00:00:04]} 47. Kf3 {[%clk
00:00:52]} {[%emt 00:00:33]} Ne7 {[%clk 00:02:21]} {[%emt 00:00:15]} 48. Nd4
{[%clk 00:00:52]} {[%emt 00:00:06]} Rb4 {[%clk 00:01:57]} {[%emt 00:00:28]} 49.
Ke3 {[%clk 00:00:53]} {[%emt 00:00:05]} Nf5+ {[%clk 00:01:58]} {[%emt
00:00:03]} 50. Nxf5 {[%clk 00:00:55]} {[%emt 00:00:03]} exf5 {[%clk 00:01:59]}
{[%emt 00:00:05]} 51. Bxf5+ {[%clk 00:00:58]} {[%emt 00:00:02]} Ke7 {[%clk
00:02:02]} {[%emt 00:00:01]} 52. Rc2 {[%clk 00:00:57]} {[%emt 00:00:06]} Rc4
{[%clk 00:02:00]} {[%emt 00:00:06]} 53. Rg2 {[%clk 00:00:53]} {[%emt 00:00:10]}
g6 {[%clk 00:02:03]} {[%emt 00:00:02]} 54. Bd3 {[%clk 00:00:53]} {[%emt
00:00:05]} Rc3 {[%clk 00:02:02]} {[%emt 00:00:06]} 55. Kd2 {[%clk 00:00:56]}
{[%emt 00:00:03]} Rhc8 {[%clk 00:02:03]} {[%emt 00:00:03]} 56. f5 {[%clk
00:00:41]} {[%emt 00:00:22]} gxf5 {[%clk 00:01:53]} {[%emt 00:00:15]} 57. Bxf5
{[%clk 00:00:44]} {[%emt 00:00:01]} R8c7 {[%clk 00:01:40]} {[%emt 00:00:17]} 58.
Rg7 {[%clk 00:00:47]} {[%emt 00:00:03]} a3 {[%clk 00:01:25]} {[%emt 00:00:20]}
59. e6 {[%emt 00:00:07]} Kf6 {[%clk 00:01:23]} 60. Rxf7+ {[%clk 00:00:39]}
{[%emt 00:00:17]} Rxf7 {[%clk 00:01:25]} {[%emt 00:00:03]} 61. exf7 {[%clk
00:00:42]} {[%emt 00:00:02]} Kxf7 {[%clk 00:01:22]} {[%emt 00:00:08]} 62. Kxc3
{[%clk 00:00:46]} {[%emt 00:00:01]} Kf6 {[%clk 00:01:26]} {[%emt 00:00:02]} 63.
Bd3 {[%emt 00:00:03]} h4 {[%clk 00:01:27]} {[%emt 00:00:02]} 64. Kd4 {[%clk
00:00:50]} {[%emt 00:00:04]} Ke6 {[%clk 00:01:25]} {[%emt 00:00:07]} 65. Kc3
{[%clk 00:00:52]} {[%emt 00:00:03]} h3 {[%clk 00:01:28]} {[%emt 00:00:02]} 66.
Bf1 {[%clk 00:00:44]} {[%emt 00:00:13]} h2 {[%clk 00:01:26]} {[%emt 00:00:07]}
67. Bg2 {[%clk 00:00:49]} Ke5 {[%clk 00:01:26]} {[%emt 00:00:05]} 68. Kb3
{[%clk 00:00:53]} {[%emt 00:00:01]} d4 {[%clk 00:01:30]} {[%emt 00:00:01]} 69.
Kxa3 {[%clk 00:00:57]} {[%emt 00:00:01]} Kf4 {[%clk 00:01:33]} {[%emt
00:00:01]} 70. Kb3 {[%clk 00:01:01]} {[%emt 00:00:01]} Ke3 {[%clk 00:01:37]} 71.
Kc2 {[%clk 00:01:04]} {[%emt 00:00:02]} Ke2 {[%clk 00:01:35]} {[%emt 00:00:07]}
72. Bh1 {[%clk 00:01:07]} {[%emt 00:00:02]} d3+ {[%clk 00:01:38]} {[%emt
00:00:02]} 73. Kc1 {[%clk 00:01:10]} {[%emt 00:00:02]} d2+ {[%clk 00:01:42]}
{[%emt 00:00:01]} 74. Kc2 {[%clk 00:01:13]} {[%emt 00:00:03]} d1=Q+ {[%clk
00:01:45]} {[%emt 00:00:02]} 0-1

[Event "Trofeo abierto Universidad de Jaen 2025"]
[Site "Maestra, 16 (Palacio de Cultura)"]
[Date "2025.04.05"]
[Round "6.7"]
[White "Del Peral Garcia, Fausto"]
[Black "Soto Calzado, Manuel"]
[Result "1-0"]
[TimeControl "10' + 5\""]
[WhiteFideId "24567205"]
[BlackFideId "2234033"]
[WhiteElo "1772"]
[BlackElo "1550"]

1. g4 {[%clk 00:10:07]} {[%emt 00:00:03]} Nc6 {[%clk 00:09:45]} {[%emt
00:00:27]} 2. Bg2 {[%clk 00:10:04]} {[%emt 00:00:07]} e6 {[%clk 00:09:36]}
{[%emt 00:00:15]} 3. d4 {[%clk 00:09:47]} {[%emt 00:00:21]} d5 {[%clk
00:09:38]} {[%emt 00:00:02]} 4. c4 {[%clk 00:09:10]} {[%emt 00:00:43]} dxc4
{[%clk 00:08:43]} {[%emt 00:01:01]} 5. Bxc6+ {[%clk 00:09:12]} {[%emt
00:00:02]} bxc6 {[%clk 00:08:46]} {[%emt 00:00:02]} 6. Nc3 {[%clk 00:09:05]}
{[%emt 00:00:12]} Bb4 {[%clk 00:08:50]} 7. Nf3 {[%clk 00:08:58]} {[%emt
00:00:12]} Ne7 {[%clk 00:08:28]} {[%emt 00:00:27]} 8. Bf4 {[%clk 00:08:37]}
{[%emt 00:00:26]} Nd5 {[%clk 00:08:13]} {[%emt 00:00:20]} 9. Bd2 {[%clk
00:07:54]} {[%emt 00:00:48]} Bd7 {[%clk 00:06:27]} {[%emt 00:01:51]} 10. e4
{[%clk 00:07:39]} {[%emt 00:00:19]} Nxc3 {[%clk 00:06:14]} {[%emt 00:00:18]} 11.
bxc3 {[%clk 00:07:42]} {[%emt 00:00:03]} Be7 {[%clk 00:05:32]} {[%emt
00:00:47]} 12. Qe2 {[%clk 00:07:17]} {[%emt 00:00:31]} c5 {[%clk 00:05:08]}
{[%emt 00:00:29]} 13. Qxc4 {[%clk 00:07:12]} {[%emt 00:00:11]} cxd4 {[%clk
00:05:10]} {[%emt 00:00:01]} 14. cxd4 {[%clk 00:07:09]} {[%emt 00:00:08]} a6
{[%clk 00:04:52]} {[%emt 00:00:25]} 15. Rc1 {[%clk 00:07:07]} {[%emt 00:00:07]}
Ra7 {[%clk 00:04:39]} {[%emt 00:00:17]} 16. Bb4 {[%clk 00:06:49]} {[%emt
00:00:23]} Bb5 {[%clk 00:04:34]} {[%emt 00:00:09]} 17. Bxe7 {[%clk 00:05:30]}
{[%emt 00:01:24]} Qxe7 {[%clk 00:04:32]} {[%emt 00:00:09]} 18. Qc5 {[%clk
00:05:34]} Qxc5 19. Rxc5 {[%clk 00:05:37]} O-O {[%clk 00:04:00]} {[%emt
00:00:03]} 20. Kd2 {[%clk 00:05:41]} {[%emt 00:00:02]} Rc8 {[%clk 00:03:52]}
{[%emt 00:00:13]} 21. Rhc1 {[%clk 00:05:45]} {[%emt 00:00:02]} Kf8 {[%clk
00:03:29]} {[%emt 00:00:27]} 22. Ke3 {[%clk 00:05:45]} {[%emt 00:00:04]} Ke7
{[%clk 00:03:31]} {[%emt 00:00:03]} 23. h4 {[%clk 00:05:47]} {[%emt 00:00:04]}
g6 {[%clk 00:03:30]} {[%emt 00:00:06]} 24. Ra1 {[%clk 00:05:12]} {[%emt
00:00:40]} Bd7 {[%clk 00:03:11]} {[%emt 00:00:24]} 25. Rb1 {[%clk 00:04:55]}
{[%emt 00:00:23]} a5 {[%clk 00:03:02]} {[%emt 00:00:13]} 26. Ne5 {[%clk
00:04:16]} {[%emt 00:00:44]} a4 {[%clk 00:02:47]} {[%emt 00:00:20]} 27. a3
{[%clk 00:04:10]} {[%emt 00:00:11]} f6 {[%clk 00:02:42]} {[%emt 00:00:09]} 28.
Nc6+ {[%clk 00:04:00]} {[%emt 00:00:16]} Bxc6 {[%clk 00:02:41]} {[%emt
00:00:06]} 29. Rxc6 {[%clk 00:04:03]} {[%emt 00:00:01]} Kd7 {[%clk 00:02:31]}
{[%emt 00:00:15]} 30. Rc4 {[%clk 00:03:53]} {[%emt 00:00:16]} Raa8 {[%clk
00:02:34]} {[%emt 00:00:02]} 31. Rbb4 {[%clk 00:03:56]} {[%emt 00:00:02]} Rcb8
{[%clk 00:02:29]} {[%emt 00:00:10]} 32. Rxa4 {[%clk 00:03:56]} {[%emt
00:00:06]} Rb3+ {[%clk 00:02:33]} 33. Kf4 {[%clk 00:03:56]} {[%emt 00:00:03]}
Rxa3 {[%clk 00:02:34]} {[%emt 00:00:05]} 34. Rxa8 {[%clk 00:03:29]} {[%emt
00:00:32]} Rxa8 {[%clk 00:02:39]} {[%emt 00:00:01]} 35. e5 {[%clk 00:03:03]}
{[%emt 00:00:32]} Rf8 {[%clk 00:02:36]} {[%emt 00:00:07]} 36. exf6 Rxf6+ {[%clk
00:02:40]} 37. Ke3 {[%clk 00:02:12]} {[%emt 00:00:25]} Kd6 {[%clk 00:02:45]} 38.
f4 {[%clk 00:02:13]} {[%emt 00:00:04]} c6 {[%clk 00:02:47]} {[%emt 00:00:04]}
39. Rc5 {[%clk 00:02:13]} {[%emt 00:00:05]} Rf7 {[%clk 00:02:36]} {[%emt
00:00:16]} 40. Ke4 {[%clk 00:01:59]} {[%emt 00:00:17]} Rb7 {[%clk 00:02:28]}
{[%emt 00:00:13]} 41. h5 {[%clk 00:02:03]} {[%emt 00:00:03]} Rb5 {[%clk
00:02:32]} {[%emt 00:00:01]} 42. hxg6 {[%clk 00:01:32]} {[%emt 00:00:36]} hxg6
{[%clk 00:02:35]} {[%emt 00:00:02]} 43. f5 {[%clk 00:00:35]} {[%emt 00:01:02]}
gxf5+ {[%clk 00:02:19]} {[%emt 00:00:21]} 44. gxf5 {[%clk 00:00:36]} {[%emt
00:00:04]} exf5+ {[%clk 00:02:08]} {[%emt 00:00:16]} 45. Rxf5 {[%clk 00:00:36]}
{[%emt 00:00:05]} Rxf5 {[%clk 00:02:11]} 46. Kxf5 {[%emt 00:00:04]} Kd5 47. Kf4
{[%clk 00:00:41]} {[%emt 00:00:01]} Kxd4 {[%clk 00:02:21]} {[%emt 00:00:01]} 48.
Kf3 {[%clk 00:00:46]} Kd3 {[%clk 00:02:25]} {[%emt 00:00:01]} 1-0

[Event "Trofeo abierto Universidad de Jaen 2025"]
[Site "Maestra, 16 (Palacio de Cultura)"]
[Date "2025.04.05"]
[Round "7.1"]
[White "Diaz Perez, Michel Alejandro"]
[Black "Barruz Serrano, Antonio Angel"]
[Result "1-0"]
[TimeControl "10' + 5\""]
[WhiteFideId "3517179"]
[BlackFideId "2287994"]
[WhiteElo "2473"]
[BlackElo "1919"]

1. d4 {[%clk 00:10:03]} {[%emt 00:00:07]} Nf6 {[%clk 00:10:03]} {[%emt
00:00:07]} 2. c4 {[%clk 00:10:07]} {[%emt 00:00:02]} e6 {[%clk 00:10:05]}
{[%emt 00:00:03]} 3. Nc3 {[%clk 00:10:09]} {[%emt 00:00:02]} d5 {[%clk
00:10:08]} {[%emt 00:00:02]} 4. cxd5 {[%clk 00:10:10]} {[%emt 00:00:05]} exd5
{[%clk 00:10:12]} {[%emt 00:00:01]} 5. Bg5 {[%clk 00:10:12]} {[%emt 00:00:03]}
c6 {[%clk 00:10:15]} {[%emt 00:00:02]} 6. e3 {[%clk 00:10:15]} {[%emt
00:00:02]} Be7 {[%clk 00:10:19]} {[%emt 00:00:01]} 7. Bd3 {[%clk 00:10:14]}
{[%emt 00:00:06]} O-O {[%clk 00:09:57]} {[%emt 00:00:27]} 8. Nge2 {[%clk
00:10:14]} {[%emt 00:00:05]} Nbd7 {[%clk 00:09:46]} {[%emt 00:00:16]} 9. O-O
{[%clk 00:10:10]} {[%emt 00:00:09]} Re8 {[%clk 00:09:47]} {[%emt 00:00:03]} 10.
Qc2 {[%clk 00:10:02]} {[%emt 00:00:14]} Nf8 {[%clk 00:09:48]} {[%emt 00:00:03]}
11. f3 {[%clk 00:09:48]} {[%emt 00:00:20]} h6 {[%clk 00:09:44]} {[%emt
00:00:09]} 12. Bh4 {[%clk 00:09:48]} {[%emt 00:00:05]} N6h7 {[%clk 00:08:35]}
{[%emt 00:01:14]} 13. Bf2 {[%clk 00:09:40]} {[%emt 00:00:13]} Bh4 {[%clk
00:08:32]} {[%emt 00:00:08]} 14. Ng3 {[%clk 00:09:36]} {[%emt 00:00:10]} Be6
{[%clk 00:08:10]} {[%emt 00:00:27]} 15. Rad1 {[%clk 00:09:31]} {[%emt
00:00:10]} Nf6 {[%clk 00:07:16]} {[%emt 00:00:59]} 16. Kh1 {[%clk 00:08:39]}
{[%emt 00:00:57]} Rc8 {[%clk 00:07:09]} {[%emt 00:00:11]} 17. Nf5 {[%clk
00:07:57]} {[%emt 00:00:48]} Bxf2 {[%clk 00:07:05]} {[%emt 00:00:09]} 18. Qxf2
{[%clk 00:08:01]} {[%emt 00:00:01]} Qd7 {[%clk 00:07:04]} {[%emt 00:00:06]} 19.
g4 {[%clk 00:06:48]} {[%emt 00:01:18]} Rcd8 {[%clk 00:06:56]} {[%emt 00:00:13]}
20. Rg1 {[%clk 00:06:42]} {[%emt 00:00:12]} N8h7 {[%clk 00:06:26]} {[%emt
00:00:34]} 21. h4 {[%clk 00:06:41]} {[%emt 00:00:07]} Kf8 {[%clk 00:06:08]}
{[%emt 00:00:23]} 22. Qc2 {[%clk 00:06:28]} {[%emt 00:00:17]} Qc7 {[%clk
00:04:59]} {[%emt 00:01:13]} 23. Nxh6 {[%clk 00:04:16]} {[%emt 00:02:19]} g6
{[%clk 00:04:32]} {[%emt 00:00:32]} 24. Ne2 {[%clk 00:03:45]} {[%emt 00:00:36]}
Bc8 {[%clk 00:04:23]} {[%emt 00:00:14]} 25. g5 {[%emt 00:00:49]} Ng8 {[%clk
00:04:13]} {[%emt 00:00:05]} 26. Nxg8 {[%clk 00:02:29]} {[%emt 00:00:47]} Kxg8
{[%clk 00:04:16]} {[%emt 00:00:02]} 27. e4 {[%clk 00:02:29]} {[%emt 00:00:05]}
Qd7 {[%clk 00:04:09]} {[%emt 00:00:12]} 28. Nf4 {[%clk 00:02:20]} {[%emt
00:00:14]} Qd6 {[%clk 00:04:00]} {[%emt 00:00:14]} 29. e5 {[%clk 00:02:23]}
{[%emt 00:00:02]} Qf8 {[%clk 00:03:56]} {[%emt 00:00:08]} 30. h5 {[%clk
00:02:02]} {[%emt 00:00:26]} c5 {[%clk 00:03:16]} {[%emt 00:00:45]} 31. Qh2
{[%clk 00:01:46]} {[%emt 00:00:21]} cxd4 {[%clk 00:03:10]} {[%emt 00:00:11]} 32.
hxg6 {[%clk 00:01:50]} fxg6 {[%clk 00:03:11]} {[%emt 00:00:04]} 33. Bxg6 {[%clk
00:01:48]} {[%emt 00:00:07]} Rd7 {[%clk 00:03:09]} {[%emt 00:00:07]} 34. Bxe8
{[%clk 00:01:51]} {[%emt 00:00:02]} Qxe8 {[%clk 00:03:00]} {[%emt 00:00:13]} 35.
e6 {[%clk 00:01:27]} {[%emt 00:00:29]} Rg7 {[%clk 00:03:00]} {[%emt 00:00:05]}
36. Nxd5 {[%clk 00:01:31]} {[%emt 00:00:02]} Qxe6 {[%clk 00:02:49]} {[%emt
00:00:16]} 37. Nf6+ {[%clk 00:01:35]} {[%emt 00:00:01]} Nxf6 {[%clk 00:01:59]}
{[%emt 00:00:55]} 38. gxf6 {[%clk 00:01:39]} {[%emt 00:00:01]} Qxf6 {[%clk
00:02:01]} {[%emt 00:00:03]} 39. Rxg7+ {[%clk 00:01:36]} {[%emt 00:00:08]} Kxg7
{[%clk 00:02:05]} {[%emt 00:00:01]} 40. Qc7+ {[%clk 00:01:03]} {[%emt
00:00:38]} Kh6 {[%clk 00:01:51]} {[%emt 00:00:19]} 41. Qg3 {[%clk 00:00:57]}
{[%emt 00:00:10]} Bf5 {[%clk 00:01:49]} {[%emt 00:00:07]} 42. Rd2 {[%clk
00:00:51]} {[%emt 00:00:12]} Bg6 {[%clk 00:01:43]} {[%emt 00:00:11]} 43. Rh2+
{[%clk 00:00:19]} {[%emt 00:00:37]} Bh5 {[%clk 00:01:48]} 44. Qg4 {[%clk
00:00:15]} {[%emt 00:00:08]} Qe5 {[%clk 00:01:43]} {[%emt 00:00:10]} 45. Qh4
{[%clk 00:00:10]} {[%emt 00:00:11]} Qf5 {[%clk 00:01:37]} {[%emt 00:00:08]} 46.
Rf2 {[%clk 00:00:13]} {[%emt 00:00:05]} Qb1+ {[%clk 00:01:39]} {[%emt
00:00:03]} 47. Kh2 {[%clk 00:00:17]} {[%emt 00:00:02]} Qf5 {[%clk 00:01:39]}
{[%emt 00:00:05]} 48. Qxd4 {[%clk 00:00:19]} {[%emt 00:00:03]} Kh7 {[%clk
00:01:15]} {[%emt 00:00:29]} 49. Qe4 {[%clk 00:00:23]} {[%emt 00:00:01]} 1-0

[Event "Trofeo abierto Universidad de Jaen 2025"]
[Site "Maestra, 16 (Palacio de Cultura)"]
[Date "2025.04.05"]
[Round "7.2"]
[White "Saez Iniguez, Luis Miguel"]
[Black "Gutierrez Espinosa, Karen"]
[Result "1-0"]
[TimeControl "10' + 5\""]
[WhiteFideId "32050798"]
[BlackFideId "3513238"]
[WhiteElo "1704"]
[BlackElo "2033"]

1. d4 {[%clk 00:10:08]} Nf6 {[%clk 00:10:08]} {[%emt 00:00:02]} 2. Bf4 {[%clk
00:10:12]} {[%emt 00:00:01]} e6 {[%clk 00:10:08]} {[%emt 00:00:06]} 3. Nf3
{[%clk 00:10:08]} {[%emt 00:00:08]} Be7 {[%clk 00:10:04]} {[%emt 00:00:09]} 4.
e3 {[%clk 00:10:12]} {[%emt 00:00:01]} O-O {[%clk 00:10:05]} {[%emt 00:00:04]}
5. Bd3 {[%clk 00:10:13]} {[%emt 00:00:04]} c5 {[%clk 00:10:04]} {[%emt
00:00:06]} 6. c3 {[%clk 00:10:17]} {[%emt 00:00:01]} b6 {[%clk 00:09:55]}
{[%emt 00:00:13]} 7. Nbd2 {[%clk 00:10:17]} {[%emt 00:00:06]} Bb7 {[%clk
00:09:51]} {[%emt 00:00:10]} 8. Qe2 {[%clk 00:10:07]} {[%emt 00:00:14]} d6
{[%clk 00:09:49]} {[%emt 00:00:06]} 9. O-O {[%clk 00:09:52]} {[%emt 00:00:20]}
Nbd7 {[%clk 00:09:37]} {[%emt 00:00:18]} 10. e4 {[%clk 00:09:35]} {[%emt
00:00:22]} Re8 {[%clk 00:09:11]} {[%emt 00:00:31]} 11. e5 {[%clk 00:09:29]}
{[%emt 00:00:11]} dxe5 {[%clk 00:09:13]} {[%emt 00:00:03]} 12. dxe5 {[%clk
00:09:17]} {[%emt 00:00:17]} Nd5 {[%clk 00:09:01]} {[%emt 00:00:17]} 13. Qe4
{[%clk 00:08:46]} {[%emt 00:00:36]} Nf8 {[%clk 00:09:03]} {[%emt 00:00:02]} 14.
Bg3 {[%clk 00:06:22]} {[%emt 00:02:30]} Qc7 {[%clk 00:08:47]} {[%emt 00:00:21]}
15. Nc4 {[%clk 00:06:04]} {[%emt 00:00:23]} Nxc3 {[%clk 00:07:27]} {[%emt
00:01:25]} 16. Qg4 {[%clk 00:05:08]} {[%emt 00:01:01]} Bxf3 {[%clk 00:06:56]}
{[%emt 00:00:36]} 17. Qxf3 {[%clk 00:04:33]} {[%emt 00:00:40]} Nd5 {[%clk
00:06:47]} {[%emt 00:00:13]} 18. Nd6 {[%clk 00:04:25]} {[%emt 00:00:13]} Bxd6
{[%clk 00:05:58]} {[%emt 00:00:54]} 19. exd6 {[%clk 00:04:29]} {[%emt
00:00:01]} Qc6 {[%clk 00:05:07]} {[%emt 00:00:56]} 20. Rfe1 {[%clk 00:04:12]}
{[%emt 00:00:22]} Nd7 {[%clk 00:04:59]} {[%emt 00:00:13]} 21. Re4 {[%clk
00:04:02]} {[%emt 00:00:15]} N7f6 {[%clk 00:04:50]} {[%emt 00:00:14]} 22. Rh4
{[%clk 00:04:05]} {[%emt 00:00:01]} h6 {[%clk 00:04:49]} {[%emt 00:00:07]} 23.
Be5 {[%clk 00:04:09]} {[%emt 00:00:01]} Rad8 {[%clk 00:03:58]} {[%emt
00:00:56]} 24. Bxf6 {[%clk 00:04:05]} {[%emt 00:00:09]} gxf6 {[%clk 00:03:50]}
{[%emt 00:00:13]} 25. Rxh6 {[%clk 00:04:09]} {[%emt 00:00:01]} Qxd6 {[%clk
00:03:48]} {[%emt 00:00:07]} 26. Rd1 {[%clk 00:02:07]} {[%emt 00:02:06]} Qf4
{[%clk 00:03:14]} {[%emt 00:00:39]} 27. Qh5 {[%clk 00:01:40]} {[%emt 00:00:32]}
Kf8 {[%clk 00:02:49]} {[%emt 00:00:31]} 28. Bb5 {[%clk 00:01:41]} {[%emt
00:00:02]} Nc3 {[%clk 00:01:04]} {[%emt 00:01:52]} 29. Rh8+ {[%clk 00:01:25]}
{[%emt 00:00:20]} Ke7 {[%clk 00:01:01]} {[%emt 00:00:08]} 30. Rxe8+ {[%clk
00:01:28]} {[%emt 00:00:02]} Rxe8 {[%clk 00:00:46]} {[%emt 00:00:20]} 31. Rd7+
{[%clk 00:01:31]} 1-0